The Titanic / (Record no. 714)

MARC details
000 -LEADER
fixed length control field 00850pam a2200265 a 4500
005 - DATE AND TIME OF LATEST TRANSACTION
control field 20240217082228.0
020 ## - INTERNATIONAL STANDARD BOOK NUMBER
International Standard Book Number 0516066722
020 ## - INTERNATIONAL STANDARD BOOK NUMBER
International Standard Book Number 9780516466729
040 ## - CATALOGING SOURCE
Original cataloging agency DLC
Transcribing agency DLC
Modifying agency DLC
Language of cataloging eng
050 00 - LIBRARY OF CONGRESS CALL NUMBER
Classification number G530.T6
Item number K46 1993
082 00 - DEWEY DECIMAL CLASSIFICATION NUMBER
Classification number 910/.91634
Edition number 20
100 1# - MAIN ENTRY--PERSONAL NAME
Personal name Kent, Deborah.
245 14 - TITLE STATEMENT
Title The Titanic /
Statement of responsibility, etc. Deborah Kent.
260 ## - PUBLICATION, DISTRIBUTION, ETC.
Place of publication, distribution, etc. Chicago :
Name of publisher, distributor, etc. Childrens Press,
Date of publication, distribution, etc. 1993.
300 ## - PHYSICAL DESCRIPTION
Extent 31 pages :
Other physical details color illustrations ;
Dimensions 25 cm.
505 ## - FORMATTED CONTENTS NOTE
Formatted contents note U
520 ## - SUMMARY, ETC.
Summary, etc. Describes the disastrous 1912 sinking of the world's largest ocean liner after colliding with an iceberg during its maiden voyage.
521 ## - TARGET AUDIENCE NOTE
Target audience note 1020 <br/>
Source Lexiles
521 ## - TARGET AUDIENCE NOTE
Target audience note U <br/>
Source Raz-Plus
650 #0 - SUBJECT ADDED ENTRY--TOPICAL TERM
Topical term or geographic name entry element Shipwrecks
Geographic subdivision North Atlantic Ocean
General subdivision Juvenile literature.
650 #1 - SUBJECT ADDED ENTRY--TOPICAL TERM
Topical term or geographic name entry element Shipwrecks.
906 ## - LOCAL DATA ELEMENT F, LDF (RLIN)
a 7
b cbc
c orignew
d 1
e ocip
f 19
g y-gencatlg
942 ## - ADDED ENTRY ELEMENTS (KOHA)
Source of classification or shelving scheme Dewey Decimal Classification
Koha item type Books
Suppress in OPAC No
999 ## -
-- 714
-- 714
Holdings
Withdrawn status Lost status Source of classification or shelving scheme Damaged status Not for loan Collection Home library Current library Shelving location Date acquired Total Checkouts Full call number Barcode Date last seen Date last checked out Copy number Price effective from Koha item type
    Dewey Decimal Classification     Non-Fiction Footprints International School Library Network Toul Kork Campus Footprints International School Library Network Toul Kork Campus   02/17/2024 1 KEN 910.91634 G530.T6 FIS04669 06/04/2025 04/02/2025 1 02/17/2024 Books
    Dewey Decimal Classification     Non-Fiction Footprints International School Library Network Toul Kork Campus Footprints International School Library Network Toul Kork Campus TTP Secondary Non-Fiction Bookshelves 02/17/2024   KEN 910.91634 G530.T6 FISSE00879 01/23/2025   2 02/17/2024 Books